00392cam a2200157ua 45000010005000000080039000050400009000440820008000531000035000612450043000962500009001392600036001483000017001846530014002016530019002151603110713n ii |||gr||||Z||||||eng cMAIN a3361 aPapola, Trilok Singh,eAuthor.1 aPublic financecby Trilok Singh Papola a1st. aLucknow:bPrakashan Kendra,968. a316p:c23cm. aEconomics aPublic finance